000 01617cam a2200241 4500
001 ABS63218
008 000000n2000 000 0 eng u
035 _a(Sirsi) u109649
100 _aMolloy, J
245 _aQuantity surveyors as project managers
260 _c2000
490 _aSurveying News
_v9(10) November 2000, 10-11(2)
520 _aLooks at how difficulties can arise when quantity surveyors diversify into project management, due to the lack of a professional procedure of conduct in this field. Discusses the case of "Pride Valley Foods v Hall & Partners" where the performance of a quantity surveyor acting as a project manager was called into question when a fire broke out at the client's factory. Pride Valley Foods accused Hall & Partners of negligence, claiming they had not fulfilled their duty to warn of potential fire hazards in the use of polystyrene wall panels. Evidence provided by expert witnesses was rejected because of the indefinable nature of project management. The judgment was therefore made on the exact terms of the consultancy agreement between the parties. Hall & Partners were found negligent because their agreement included a responsibility to specify materials to use in the building, which gave rise to a duty of care to inform the client of fire hazards.
590 _aABS
650 _aPRIDE VALLEY FOODS V HALL & PARTNERS
650 _aNEGLIGENCE
650 _aDUTY OF CARE
650 _aDUTY TO WARN
650 _aPROJECT MANAGERS
650 _aQUANTITY SURVEYORS
690 _aMANAGEMENT-BUSINESS MANAGEMENT-PROFESSIONAL PRACTICE
942 _n0
999 _c65463
_d65463